[Event "2BLO 2223 SC NT Nürnberg - Nickelhütte"]
[Site "?"]
[Date "2023.03.19"]
[Round "10.3"]
[White "Langrock, Hannes"]
[Black "Kirchner, Thomas"]
[Result "1-0"]
[WhiteElo "2358"]
[BlackElo "2308"]
[PlyCount "101"]
[EventDate "2023.??.??"]

1. d4 Nf6 2. Nf3 d5 3. g3 e6 4. Bg2 Be7 5. O-O O-O 6. c4 dxc4 7. Ne5 Nbd7 8. Nxc4 c6 9. Nc3 Nb6 10. Ne5 Nfd7 11. Nf3 Qc7 12. Bf4 Bd6 13. Bxd6 Qxd6 14. Qd3 Rd8 15. Rfd1 Nf8 16. Rac1 Bd7 17. a3 Be8 18. Ne4 Qe7 19. Nc5 Rac8 20. b4 Kh8 21. Qb3 a6 22. a4 Rc7 23. e3 f6 24. Qb2 Nc8 25. Rd2 Bf7 26. e4 Nd7 27. Nd3 Ndb6 28. Qc2 Bh5 29. a5 Na8 30. Nc5 Na7 31. Qc4 Bf7 32. Bh3 Re8 33. e5 f5 34. g4 g6 35. gxf5 gxf5 36. Kh1 Bh5 37. Qb3 Bxf3+ 38. Qxf3 Qg5 39. Qe3 Qh4 40. Rg1 Nb5 41. Bf1 Rce7 42. Bc4 b6 43. Nb3 Rd8 44. Bxb5 axb5 45. Rc2 Rc7 46. Qf3 Qe7 47. Rxc6 Rxc6 48. Qxc6 bxa5 49. bxa5 Nc7 50. a6 b4 51. a7 1-0

[Event "2BLO 2223 SC NT Nürnberg - Nickelhütte"]
[Site "?"]
[Date "2023.03.19"]
[Round "10.4"]
[White "Promyshlyanskiy, Vitaliy"]
[Black "Spiess, Gunter"]
[Result "1/2-1/2"]
[WhiteElo "2272"]
[BlackElo "2363"]
[PlyCount "29"]
[EventDate "2023.??.??"]

1. e4 e6 2. d4 d5 3. Nd2 c5 4. exd5 Qxd5 5. Ngf3 cxd4 6. Bc4 Qd7 7. O-O Nc6 8. Re1 a6 9. Nb3 Nf6 10. Nbxd4 Nxd4 11. Nxd4 Bc5 12. Be3 O-O 13. Nb3 Bxe3 14. Rxe3 Qc7 15. Qd4 1/2-1/2

[Event "2BLO 2223 SC NT Nürnberg - Nickelhütte"]
[Site "?"]
[Date "2023.03.19"]
[Round "10.5"]
[White "Wichmann, Cliff"]
[Black "Mischustov, Michael"]
[Result "1/2-1/2"]
[WhiteElo "2299"]
[BlackElo "2310"]
[PlyCount "57"]
[EventDate "2023.??.??"]

1. d4 Nf6 2. c4 e6 3. Nf3 Bb4+ 4. Bd2 a5 5. a3 Bxd2+ 6. Qxd2 d6 7. Nc3 Nbd7 8. e3 O-O 9. Be2 Re8 10. O-O e5 11. dxe5 Nxe5 12. Rfd1 Bd7 13. Nd4 Bg4 14. h3 Bxe2 15. Qxe2 Qd7 16. Ndb5 Qc6 17. Rac1 Re7 18. Nd5 Nxd5 19. cxd5 Qb6 20. Rc3 Rd8 21. Rdc1 c6 22. Nd4 c5 23. Qb5 Nd7 24. Rb3 Qxb5 25. Nxb5 a4 26. Rd3 Nb6 27. Nc3 Ra8 28. e4 Ra5 29. f3 1/2-1/2

[Event "2BLO 2223 SC NT Nürnberg - Nickelhütte"]
[Site "?"]
[Date "2023.03.19"]
[Round "10.6"]
[White "Kabatianski, Alexander"]
[Black "Pulpan, Jakub"]
[Result "0-1"]
[WhiteElo "2352"]
[BlackElo "2410"]
[PlyCount "64"]
[EventDate "2023.??.??"]

1. d4 Nf6 2. c4 e6 3. g3 d5 4. Bg2 Be7 5. Nf3 O-O 6. O-O dxc4 7. Qc2 a6 8. a4 Bd7 9. Qxc4 Bc6 10. Bf4 Bd6 11. Nc3 Nbd7 12. Bg5 h6 13. Bxf6 Nxf6 14. Ne5 Bxg2 15. Kxg2 c5 16. Rfd1 cxd4 17. Qxd4 Bxe5 18. Qxe5 Qb6 19. Qd4 Qxb2 20. Rab1 Qc2 21. Rxb7 Rac8 22. Rd3 e5 23. Qxe5 Rfe8 24. Qd4 Rxe2 25. Nxe2 Qc6+ 26. f3 Qxb7 27. Nf4 Qc6 28. Rd2 a5 29. Rb2 Re8 30. Ne2 Nd5 31. Kf2 Ne3 32. Nf4 Qc1 0-1

[Event "2BLO 2223 SC NT Nürnberg - Nickelhütte"]
[Site "?"]
[Date "2023.03.19"]
[Round "10.7"]
[White "Cerveny, Martin"]
[Black "Heimrath, Reiner"]
[Result "0-1"]
[WhiteElo "2405"]
[BlackElo "2172"]
[PlyCount "86"]
[EventDate "2023.??.??"]

1. d4 Nf6 2. Nf3 g6 3. c4 Bg7 4. Nc3 O-O 5. Bg5 h6 6. Bh4 d6 7. e3 Re8 8. Be2 b6 9. Qc2 Bb7 10. Rd1 Nbd7 11. O-O Qc8 12. Nd2 e5 13. Bg3 a6 14. Rfe1 Re7 15. dxe5 Nxe5 16. h3 Qe8 17. b4 Rd8 18. b5 a5 19. Nb3 Ned7 20. Nd5 Bxd5 21. cxd5 Ne4 22. Bf4 g5 23. Bh2 Nc3 24. Rd4 a4 25. Qxc3 axb3 26. axb3 Nc5 27. Red1 Ra8 28. b4 Ne4 29. Qd3 Bxd4 30. Qxd4 Ra2 31. Kf1 Ra3 32. Rc1 Nxf2 33. Kxf2 Raxe3 34. Bd3 f5 35. Rd1 f4 36. Qf6 Rxd3 37. Rxd3 Re2+ 38. Kf3 Qe4+ 39. Kg4 Qxd3 40. Qd8+ Kf7 41. Qxc7+ Re7 42. Qxd6 Qe2+ 43. Kf5 Qe4+ 0-1

[Event "2BLO 2223 SC NT Nürnberg - Nickelhütte"]
[Site "?"]
[Date "2023.03.19"]
[Round "10.8"]
[White "Mohylnyi, Stepan"]
[Black "Cerveny, Petr"]
[Result "1/2-1/2"]
[WhiteElo "2028"]
[BlackElo "2314"]
[PlyCount "83"]
[EventDate "2023.??.??"]

1. e4 e5 2. Nf3 Nc6 3. d4 exd4 4. Nxd4 Nf6 5. Nxc6 bxc6 6. e5 Qe7 7. Qe2 Nd5 8. c4 Ba6 9. b3 g6 10. g3 Bg7 11. Bb2 O-O 12. Bg2 Rae8 13. O-O Bxe5 14. Qxe5 Qxe5 15. Bxe5 Rxe5 16. cxd5 Bxf1 17. Kxf1 cxd5 18. Nc3 c6 19. Rd1 a5 20. Bf3 Rb8 21. Rd4 Rb4 22. Rxb4 axb4 23. Na4 Re8 24. Nc5 Ra8 25. Nxd7 Rxa2 26. Ne5 Rc2 27. Bd1 Rc3 28. Ke2 g5 29. Kd2 Kg7 30. Nd3 c5 31. h3 h6 32. Bc2 Kf6 33. Bd1 Ke6 34. Nb2 c4 35. bxc4 dxc4 36. Nxc4 f5 37. Ne3 Ra3 38. Nc2 Ra2 39. Ke3 Rb2 40. Ne1 Rb1 41. Kd2 Rb2+ 42. Ke3 1/2-1/2

[Event "2BLO 2223 SC Garching - SK Göggingen"]
[Site "?"]
[Date "2023.03.19"]
[Round "10.1"]
[White "Braeuer, Franz"]
[Black "Krivoborodov, Egor"]
[Result "1/2-1/2"]
[WhiteElo "2448"]
[BlackElo "2538"]
[PlyCount "30"]
[EventDate "2023.??.??"]

1. e4 c5 2. Nf3 g6 3. d4 cxd4 4. Nxd4 Bg7 5. c4 Qb6 6. Nb3 Qc7 7. Be2 d6 8. O-O Nc6 9. Na3 a6 10. Rb1 Nf6 11. f3 O-O 12. Be3 Be6 13. Qd2 Nd7 14. Rbc1 Nc5 15. Nd4 Nxd4 1/2-1/2

[Event "2BLO 2223 SC Garching - SK Göggingen"]
[Site "?"]
[Date "2023.03.19"]
[Round "10.2"]
[White "Koepke, Christian"]
[Black "Rupprecht, Andreas"]
[Result "1/2-1/2"]
[WhiteElo "2298"]
[BlackElo "2378"]
[PlyCount "27"]
[EventDate "2023.??.??"]

1. d4 e6 2. Nf3 Nf6 3. Bf4 d5 4. e3 Bd6 5. Nbd2 Bxf4 6. exf4 b6 7. c3 O-O 8. h4 c5 9. h5 Qd6 10. h6 g6 11. g3 a5 12. Bd3 Ba6 13. Bxa6 Nxa6 14. Kf1 1/2-1/2

[Event "2BLO 2223 SC Garching - SK Göggingen"]
[Site "?"]
[Date "2023.03.19"]
[Round "10.3"]
[White "Pitl, Gregory"]
[Black "Rusche, Johannes"]
[Result "1/2-1/2"]
[WhiteElo "2371"]
[BlackElo "2314"]
[PlyCount "30"]
[EventDate "2023.??.??"]

1. e4 e5 2. Nf3 Nc6 3. Bc4 Nf6 4. d3 Be7 5. Nc3 d6 6. a4 Na5 7. Ba2 c5 8. Nd5 Nc6 9. c3 Nxd5 10. Bxd5 Be6 11. Qb3 Qd7 12. O-O O-O 13. Re1 Rae8 14. Be3 Bf6 15. Nd2 h6 1/2-1/2

[Event "2BLO 2223 SC Garching - SK Göggingen"]
[Site "?"]
[Date "2023.03.19"]
[Round "10.4"]
[White "Renner, Christoph"]
[Black "Schmittdiel, Eckhard"]
[Result "1-0"]
[WhiteElo "2303"]
[BlackElo "2397"]
[PlyCount "109"]
[EventDate "2023.??.??"]

1. e4 c5 2. d3 d5 3. exd5 Qxd5 4. Nf3 Nc6 5. Nc3 Qd7 6. Be3 e5 7. g3 b6 8. Bg2 Bb7 9. O-O Nge7 10. a4 f6 11. Nd2 Nf5 12. Nc4 Be7 13. a5 Nxe3 14. fxe3 Nxa5 15. Nxa5 bxa5 16. Bxb7 Qxb7 17. Qh5+ g6 18. Qh6 Kf7 19. Ne4 Qb6 20. Rf2 Raf8 21. Raf1 Ke8 22. c4 f5 23. Nc3 Rf7 24. Nd5 Qd6 25. e4 Rhf8 26. exf5 gxf5 27. Qxd6 Bxd6 28. Ra1 f4 29. Kg2 fxg3 30. Rxf7 Rxf7 31. hxg3 Rb7 32. Rxa5 Rxb2+ 33. Kf3 e4+ 34. dxe4 Rb3+ 35. Kg4 Rxg3+ 36. Kf5 Rg7 37. e5 Bf8 38. Rb5 Kd7 39. Rb8 Rf7+ 40. Ke4 Kc6 41. Re8 Kd7 42. Ra8 Kc6 43. Ne3 Bh6 44. Nf5 Bg5 45. Rc8+ Kb6 46. Rg8 h6 47. e6 Rh7 48. Kd5 a5 49. Rb8+ Rb7 50. Rc8 Rc7 51. Rb8+ Rb7 52. Rf8 a4 53. Nd6 Rh7 54. Rf7 Rxf7 55. exf7 1-0

[Event "2BLO 2223 SC Garching - SK Göggingen"]
[Site "?"]
[Date "2023.03.19"]
[Round "10.5"]
[White "Kukov, Velislav"]
[Black "Koepke, Elena"]
[Result "1-0"]
[WhiteElo "2338"]
[BlackElo "2248"]
[PlyCount "101"]
[EventDate "2023.??.??"]

1. d4 d5 2. Bf4 Nf6 3. e3 c5 4. c3 Nc6 5. Nd2 Bf5 6. Qb3 Qd7 7. Ngf3 c4 8. Qd1 e6 9. Be2 Be7 10. h3 h6 11. Ne5 Nxe5 12. Bxe5 O-O 13. g4 Be4 14. Rg1 Bh7 15. h4 Ne8 16. g5 hxg5 17. hxg5 f6 18. g6 fxe5 19. gxh7+ Kh8 20. dxe5 Qc7 21. Nf3 b5 22. a3 a5 23. Rg6 Rxf3 24. Bxf3 Qxe5 25. Qd4 Qf5 26. Qg4 Nf6 27. Qxf5 exf5 28. Rg5 Kxh7 29. Rxf5 Kg6 30. Re5 Bd6 31. Re6 Rd8 32. Bxd5 Kf5 33. e4+ Kf4 34. Rd1 Bc5 35. Rc6 Bf8 36. Ra6 b4 37. Rxa5 bxc3 38. bxc3 Rb8 39. Ra8 Rxa8 40. Bxa8 Bxa3 41. Rd4 Ng4 42. Rxc4 Ne5 43. Rc7 g5 44. Ke2 g4 45. Bd5 Bb2 46. c4 Ng6 47. Rf7+ Ke5 48. c5 Nf4+ 49. Kd2 Nxd5 50. exd5 Kxd5 51. Rf5+ 1-0

[Event "2BLO 2223 SC Garching - SK Göggingen"]
[Site "?"]
[Date "2023.03.19"]
[Round "10.6"]
[White "Schimpf, Markus"]
[Black "Lipok, Christoph"]
[Result "0-1"]
[WhiteElo "2260"]
[BlackElo "2274"]
[PlyCount "90"]
[EventDate "2023.??.??"]

1. d4 d5 2. Bf4 c5 3. e3 Nc6 4. c3 Nf6 5. Nd2 Bf5 6. Ngf3 e6 7. Qa4 Qb6 8. Bb5 a6 9. Bxc6+ Qxc6 10. Qxc6+ bxc6 11. Nb3 Nd7 12. Ne5 Nxe5 13. Bxe5 f6 14. Bc7 Kd7 15. Bg3 c4 16. Nc5+ Bxc5 17. dxc5 e5 18. f4 Ke6 19. fxe5 fxe5 20. b4 a5 21. a3 axb4 22. cxb4 Ra4 23. O-O Rha8 24. Be1 Rxa3 25. Bc3 Be4 26. g3 Ra2 27. Rxa2 Rxa2 28. Ra1 Rc2 29. Ra3 Bf5 30. h3 g6 31. g4 Be4 32. Ba1 h5 33. b5 Rc1+ 34. Kf2 hxg4 35. hxg4 Rxa1 36. Rxa1 cxb5 37. Ra6+ Kd7 38. Rb6 c3 39. Ke2 Kc7 40. Rxb5 Kc6 41. Ra5 d4 42. exd4 exd4 43. g5 d3+ 44. Ke3 d2 45. Ra1 Bc2 0-1

[Event "2BLO 2223 SC Garching - SK Göggingen"]
[Site "?"]
[Date "2023.03.19"]
[Round "10.7"]
[White "Fauth, Dietmar"]
[Black "Friedrich, Ricardo"]
[Result "1/2-1/2"]
[WhiteElo "2104"]
[BlackElo "2142"]
[PlyCount "60"]
[EventDate "2023.??.??"]

1. e4 c5 2. d4 cxd4 3. c3 dxc3 4. Nxc3 Nc6 5. Bc4 d6 6. Nf3 e6 7. O-O Be7 8. Qe2 Nf6 9. Rd1 e5 10. Be3 O-O 11. Rac1 Bg4 12. h3 Bxf3 13. Qxf3 Rc8 14. Bd5 Nxd5 15. Nxd5 Bg5 16. Rc3 Bxe3 17. Qxe3 Qd7 18. Rdc1 Kh8 19. b4 h6 20. Kh2 Kh7 21. Qd3 Nd4 22. Rc7 Rxc7 23. Rxc7 Qa4 24. a3 b6 25. f4 Ne6 26. Re7 exf4 27. e5+ Kh8 28. Qf5 Qb3 29. exd6 Qg3+ 30. Kh1 Qe1+ 1/2-1/2

[Event "2BLO 2223 SC Garching - SK Göggingen"]
[Site "?"]
[Date "2023.03.19"]
[Round "10.8"]
[White "Werner, Denis"]
[Black "Held, Bernhard"]
[Result "1-0"]
[WhiteElo "2067"]
[BlackElo "1856"]
[PlyCount "75"]
[EventDate "2023.??.??"]

1. e4 e6 2. Nf3 d5 3. Nc3 d4 4. Ne2 c5 5. c3 Nf6 6. e5 Nfd7 7. cxd4 cxd4 8. Nexd4 Nxe5 9. Bb5+ Nec6 10. O-O Bd7 11. Nb3 Be7 12. d4 Nb4 13. Qe2 Qb6 14. Bc4 Bc6 15. Ne5 O-O 16. Nxf7 Rxf7 17. Qxe6 Bd5 18. Bxd5 Nxd5 19. Qxd5 Nc6 20. Be3 Bf6 21. Rfd1 Rd8 22. Qc4 Na5 23. Nxa5 Qxa5 24. Rac1 Qd5 25. Qxd5 Rxd5 26. Rc8+ Bd8 27. Bg5 Rfd7 28. Rxd8+ Rxd8 29. Bxd8 Rxd8 30. d5 Kf7 31. d6 Ke6 32. f4 Rxd6 33. Rxd6+ Kxd6 34. Kf2 Kd5 35. Ke3 Kc4 36. g4 b5 37. Ke4 b4 38. f5 1-0

[Event "2BLO 2223 SK Passau - FC Bayern München"]
[Site "?"]
[Date "2023.03.19"]
[Round "10.1"]
[White "Belezky, Alexander"]
[Black "Diermair, Andreas"]
[Result "0-1"]
[WhiteElo "2335"]
[BlackElo "2432"]
[PlyCount "136"]
[EventDate "2023.??.??"]

1. Nf3 d5 2. c4 e6 3. g3 Nf6 4. Bg2 Be7 5. O-O O-O 6. d3 c5 7. Na3 Nc6 8. b3 b6 9. Bb2 Bb7 10. Ne5 Rc8 11. Nc2 Qc7 12. Nxc6 Bxc6 13. Ne1 Rfd8 14. Rc1 Qb7 15. Qc2 a6 16. Qb1 d4 17. Bxc6 Rxc6 18. Nf3 b5 19. cxb5 axb5 20. b4 Qb6 21. bxc5 Bxc5 22. Qa1 Rcd6 23. Rc2 Rd5 24. Rfc1 e5 25. Nd2 Bb4 26. Rc6 Qb7 27. Rc7 Qb8 28. Nb3 h5 29. a3 Bd6 30. R7c6 h4 31. Nd2 hxg3 32. hxg3 Be7 33. R1c2 R5d6 34. Qc1 Rxc6 35. Rxc6 Nd5 36. Nf3 Bf6 37. Qc2 Qb7 38. Rc5 Be7 39. Nxe5 Bxc5 40. Qxc5 Ne7 41. Nf3 Rd5 42. Qc1 Nc6 43. Qf4 Qd7 44. Qh4 f6 45. Qe4 Kf7 46. Kf1 Qh3+ 47. Ke1 Qd7 48. Kf1 Qe6 49. Qf4 g5 50. Qc7+ Rd7 51. Qc8 g4 52. Nh4 Re7 53. Qxe6+ Kxe6 54. Ng6 Ra7 55. Nf4+ Kd6 56. Kg2 Ne7 57. Nh5 Nc6 58. f3 b4 59. axb4 Ra2 60. Bc1 Rxe2+ 61. Kf1 gxf3 62. Bf4+ Kd7 63. Nxf6+ Ke6 64. Nh7 Nxb4 65. Ng5+ Kd5 66. Nxf3 Ra2 67. Be5 Nxd3 68. Bxd4 Ke4 0-1

[Event "2BLO 2223 SK Passau - FC Bayern München"]
[Site "?"]
[Date "2023.03.19"]
[Round "10.2"]
[White "Schwabeneder, Florian"]
[Black "Zajogin, Alexander"]
[Result "1-0"]
[WhiteElo "2400"]
[BlackElo "2387"]
[PlyCount "101"]
[EventDate "2023.??.??"]

1. e4 e5 2. Bc4 Nc6 3. Nc3 Nf6 4. d3 Na5 5. Nge2 Nxc4 6. dxc4 g6 7. f3 Bg7 8. Be3 d6 9. Qd2 Be6 10. b3 a6 11. a4 Nd7 12. O-O O-O 13. Rad1 f5 14. Bg5 Qb8 15. exf5 gxf5 16. Kh1 Rf7 17. f4 Qe8 18. Ng3 h6 19. Bh4 Kh7 20. Nd5 Rc8 21. h3 e4 22. Nh5 Bh8 23. Qe2 Bxd5 24. Rxd5 Qe6 25. g4 c6 26. Rdd1 d5 27. Ng3 fxg4 28. hxg4 Rg8 29. f5 Qe5 30. Nh5 Qc3 31. Bg3 Nf6 32. Nxf6+ Bxf6 33. Bh2 Qh3 34. Rg1 dxc4 35. Qxe4 Re7 36. Qg2 Qxg2+ 37. Rxg2 cxb3 38. cxb3 Re3 39. Rd7+ Rg7 40. Rxg7+ Kxg7 41. Rg3 Re4 42. Rd3 Rb4 43. Bg1 Be5 44. Bh2 Kf6 45. Bxe5+ Kxe5 46. Rg3 h5 47. g5 Rd4 48. f6 Ke6 49. g6 Rd8 50. Rf3 Rg8 51. f7 1-0

[Event "2BLO 2223 SK Passau - FC Bayern München"]
[Site "?"]
[Date "2023.03.19"]
[Round "10.3"]
[White "Hoeglauer, Patrick"]
[Black "Leisch, Lukas"]
[Result "1/2-1/2"]
[WhiteElo "2282"]
[BlackElo "2378"]
[PlyCount "44"]
[EventDate "2023.??.??"]

1. d4 d5 2. c4 c6 3. Nf3 Nf6 4. e3 Bf5 5. Nc3 e6 6. Nh4 Bg6 7. Be2 Nbd7 8. O-O Be7 9. Nxg6 hxg6 10. g3 dxc4 11. Bxc4 Qa5 12. Qf3 g5 13. Be2 g4 14. Qg2 Qh5 15. f4 gxf3 16. Bxf3 Ng4 17. h3 Qxh3 18. Qxh3 Rxh3 19. Kg2 Rh2+ 20. Kg1 Rh3 21. Kg2 Rh2+ 22. Kg1 Rh3 1/2-1/2

[Event "2BLO 2223 SK Passau - FC Bayern München"]
[Site "?"]
[Date "2023.03.19"]
[Round "10.4"]
[White "Schreiner, Peter"]
[Black "Rodewis, Thomas"]
[Result "1/2-1/2"]
[WhiteElo "2392"]
[BlackElo "2357"]
[PlyCount "35"]
[EventDate "2023.??.??"]

1. d4 d5 2. c4 c6 3. Nf3 Nf6 4. Qb3 dxc4 5. Qxc4 Bf5 6. g3 e6 7. Bg2 Be7 8. O-O O-O 9. e3 Nbd7 10. Qe2 Bg6 11. Nc3 b5 12. b3 Qa5 13. Bb2 b4 14. Nb1 Rac8 15. a3 Qb5 16. Qd1 a5 17. Nbd2 Ne4 18. Ne5 1/2-1/2

[Event "2BLO 2223 SK Passau - FC Bayern München"]
[Site "?"]
[Date "2023.03.19"]
[Round "10.5"]
[White "Mai, Philipp"]
[Black "Weiss, Christian"]
[Result "1/2-1/2"]
[WhiteElo "2313"]
[BlackElo "2383"]
[PlyCount "93"]
[EventDate "2023.??.??"]

1. e4 c5 2. Nf3 e6 3. g3 Nc6 4. Bg2 Nf6 5. Qe2 d5 6. exd5 Nxd5 7. O-O Be7 8. Rd1 O-O 9. d4 cxd4 10. Nxd4 Nxd4 11. Rxd4 Bf6 12. Rd1 Qc7 13. c4 Nb6 14. Nd2 Rd8 15. Ne4 Rxd1+ 16. Qxd1 Be7 17. b3 Bf8 18. Bb2 Nd7 19. Qh5 h6 20. Rd1 a5 21. g4 Ra6 22. g5 e5 23. h4 a4 24. Nc3 axb3 25. axb3 Nc5 26. Nd5 Qb8 27. b4 Na4 28. Bc1 hxg5 29. hxg5 Bf5 30. Qe2 Re6 31. Be3 Ra6 32. c5 Qc8 33. Rc1 Bh3 34. Qf3 Bxg2 35. Kxg2 Rg6 36. Qe4 Qe6 37. Kf1 Nb2 38. Rc2 f5 39. gxf6 Qa6+ 40. Re2 Qa1+ 41. Re1 Qa6+ 42. b5 Qxb5+ 43. Re2 Qd3 44. Qxd3 Nxd3 45. Rd2 e4 46. fxg7 Kxg7 47. Nf4 1/2-1/2

[Event "2BLO 2223 SK Passau - FC Bayern München"]
[Site "?"]
[Date "2023.03.19"]
[Round "10.6"]
[White "Testor, Sebastian"]
[Black "Schenk, Andreas"]
[Result "1/2-1/2"]
[WhiteElo "2315"]
[BlackElo "2410"]
[PlyCount "30"]
[EventDate "2023.??.??"]

1. d4 Nf6 2. Nf3 e6 3. c4 b6 4. g3 Bb7 5. Bg2 Be7 6. O-O O-O 7. Re1 c5 8. d5 exd5 9. Nh4 Ne4 10. cxd5 Bxh4 11. Bxe4 Bf6 12. Qc2 h6 13. Nc3 d6 14. Bg2 Nd7 15. Bf4 Qe7 1/2-1/2

[Event "2BLO 2223 SK Passau - FC Bayern München"]
[Site "?"]
[Date "2023.03.19"]
[Round "10.7"]
[White "Lentrodt, Thomas"]
[Black "Wisnet, Dominic"]
[Result "1-0"]
[WhiteElo "2242"]
[BlackElo "2281"]
[PlyCount "155"]
[EventDate "2023.??.??"]

1. d4 Nf6 2. Nf3 e6 3. Bg5 Be7 4. e3 b6 5. Bd3 Bb7 6. O-O Ne4 7. Bxe7 Qxe7 8. Bxe4 Bxe4 9. Nbd2 Bb7 10. e4 O-O 11. Re1 d6 12. Nf1 Nd7 13. Ng3 f6 14. c3 g6 15. Qd2 e5 16. Rad1 Rae8 17. Qh6 Qf7 18. d5 Qg7 19. Qxg7+ Kxg7 20. b4 Ra8 21. Nd2 a5 22. b5 a4 23. Nc4 Nc5 24. Nb2 a3 25. Nd3 Nxd3 26. Rxd3 Ra4 27. Nf1 Bc8 28. Nd2 f5 29. f3 Bd7 30. c4 g5 31. Rb1 fxe4 32. fxe4 h6 33. Rbb3 Rg8 34. Kf2 Bg4 35. Ke1 Bh5 36. Rdc3 Bg6 37. Ke2 Kf6 38. Ke3 Ke7 39. Nb1 Rf8 40. Nd2 Rfa8 41. Rb1 Rf8 42. Rbb3 Rg8 43. Kd3 Rf8 44. Ke2 Rfa8 45. Rh3 h5 46. Rhf3 g4 47. Rf2 h4 48. Kd3 Bh7 49. Rb1 Rf8 50. Rxf8 Kxf8 51. h3 g3 52. Kc3 Ke7 53. Rf1 Bg6 54. Nf3 Bxe4 55. Nxh4 Ra8 56. Nf5+ Ke8 57. Nxg3 Bxg2 58. Rf2 Bxh3 59. Rh2 Bc8 60. Rh7 Kd8 61. Ne4 Bb7 62. Nxd6 cxd6 63. Rxb7 Kc8 64. Rxb6 Kc7 65. Rc6+ Kd7 66. b6 Rh8 67. Rc7+ Kd8 68. Ra7 Rh3+ 69. Kb4 Kc8 70. Kb5 Rc3 71. Ra8+ Kb7 72. Rd8 Rc2 73. Rd7+ Kc8 74. Rxd6 Rxa2 75. Kc6 Rb2 76. Rh6 Kd8 77. d6 Ke8 78. d7+ 1-0

[Event "2BLO 2223 SK Passau - FC Bayern München"]
[Site "?"]
[Date "2023.03.19"]
[Round "10.8"]
[White "Postlmayer, Jakob"]
[Black "Reich, Thomas"]
[Result "1/2-1/2"]
[WhiteElo "2323"]
[BlackElo "2336"]
[PlyCount "136"]
[EventDate "2023.??.??"]

1. c4 Nf6 2. Nc3 c5 3. Nf3 g6 4. e4 Nc6 5. d4 cxd4 6. Nxd4 Bg7 7. Be3 O-O 8. Be2 d6 9. O-O Bd7 10. Qd2 Nxd4 11. Bxd4 Bc6 12. f3 a5 13. b3 Nd7 14. Be3 Nc5 15. Rab1 Qb6 16. Rfc1 Rfc8 17. Rc2 Qd8 18. Bf1 b6 19. Qf2 h5 20. a3 Bf6 21. Kh1 h4 22. Nd5 Bxd5 23. exd5 Qf8 24. b4 axb4 25. axb4 Nd7 26. Bxb6 Nxb6 27. Qxb6 Qh6 28. Qf2 Ra4 29. c5 dxc5 30. Bb5 Ra3 31. bxc5 Rb8 32. Qe1 Qf4 33. Qc1 Re3 34. Rc4 Qe5 35. f4 Qf5 36. c6 h3 37. c7 Rc8 38. Ba6 hxg2+ 39. Kg1 Rxc7 40. Rb8+ Kg7 41. Qxe3 Qxd5 42. Qe4 Qd2 43. Qxg2 Bd4+ 44. Rxd4 Qxd4+ 45. Qf2 Qd1+ 46. Bf1 Rc2 47. Qe3 Qa1 48. Rd8 Qb2 49. Rd7 Rxh2 50. Rxe7 Rh5 51. Be2 Rf5 52. Re5 Rxe5 53. Qxe5+ Qxe5 54. fxe5 f6 55. e6 Kf8 56. Kf2 Ke7 57. Bc4 f5 58. Kf3 g5 59. Bd5 Kd6 60. Ke3 Ke7 61. Bc4 Kd6 62. Ba2 Ke7 63. Bd5 Kd6 64. Kd4 g4 65. Ke3 g3 66. Kf3 f4 67. Kxf4 g2 68. Bxg2 Kxe6 1/2-1/2

[Event "2BLO 2223 SC Bavaria Regensburg 1881 - M"]
[Site "?"]
[Date "2023.03.19"]
[Round "10.1"]
[White "Bromberger, Stefan"]
[Black "Stocek, Jiri"]
[Result "1/2-1/2"]
[WhiteElo "2476"]
[BlackElo "2534"]
[PlyCount "45"]
[EventDate "2023.??.??"]

1. e4 d5 2. exd5 Qxd5 3. Nc3 Qd6 4. d4 Nf6 5. Nf3 c6 6. Ne5 Nbd7 7. Nc4 Qc7 8. Qf3 Nb6 9. Bf4 Qd8 10. Be5 Be6 11. Ne3 g6 12. d5 Nbxd5 13. Nexd5 Bxd5 14. Nxd5 Qxd5 15. Qxd5 cxd5 16. Bb5+ Kd8 17. Bxf6 exf6 18. O-O-O Kc7 19. Rxd5 Bh6+ 20. Kb1 Rad8 21. Rhd1 Rxd5 22. Rxd5 a6 23. Bf1 1/2-1/2

[Event "2BLO 2223 SC Bavaria Regensburg 1881 - M"]
[Site "?"]
[Date "2023.03.19"]
[Round "10.2"]
[White "Kaczur, Florian"]
[Black "Shengelia, David"]
[Result "1/2-1/2"]
[WhiteElo "2472"]
[BlackElo "2502"]
[PlyCount "154"]
[EventDate "2023.??.??"]

1. d4 Nf6 2. c4 e6 3. Nc3 Bb4 4. e3 O-O 5. Bd3 Nc6 6. Nf3 d6 7. Bd2 e5 8. d5 Ne7 9. a3 Bxc3 10. Bxc3 Bf5 11. Bxf5 Nxf5 12. Qc2 Ne7 13. Nd2 b5 14. e4 Qd7 15. cxb5 Qxb5 16. a4 Qa6 17. b4 Nh5 18. b5 Qc8 19. O-O Qg4 20. f3 Qg6 21. Ra2 f5 22. Ba5 Nf4 23. g3 fxe4 24. Qxe4 Nfxd5 25. Qxg6 Nxg6 26. Nc4 a6 27. b6 cxb6 28. Nxb6 Nxb6 29. Bxb6 Rac8 30. Rd2 Rc6 31. a5 Ne7 32. Rfd1 Nc8 33. Kg2 Kf7 34. Be3 Ke6 35. f4 Ne7 36. fxe5 dxe5 37. Re2 Rfc8 38. Rdd2 Nf5 39. Bf2 Nd6 40. Rb2 Nc4 41. Rb7 R8c7 42. Rb8 Rc8 43. Rb7 R6c7 44. Rb3 Rd7 45. Be1 h5 46. Kh3 g5 47. Kg2 g4 48. h3 Rcd8 49. Rb4 Rc8 50. Rb3 Rdc7 51. Rb4 Rc6 52. Rb7 Nd6 53. Rbb2 Nb5 54. Bf2 Kd5 55. Bb6 Nd4 56. Rf2 Nf3 57. Be3 Ke4 58. Rfe2 Rc2 59. Bf2+ Rxe2 60. Rxe2+ Kd5 61. Rb2 e4 62. hxg4 hxg4 63. Kf1 Rc1+ 64. Ke2 Ra1 65. Rb8 Rxa5 66. Rd8+ Kc6 67. Ke3 Ng5 68. Rg8 Ra3+ 69. Ke2 Nh3 70. Be3 Ra2+ 71. Kf1 Ra1+ 72. Ke2 Ra2+ 73. Kf1 Ra1+ 74. Ke2 Ng1+ 75. Bxg1 Rxg1 76. Rxg4 Kd5 77. Rg8 Ra1 1/2-1/2

[Event "2BLO 2223 SC Bavaria Regensburg 1881 - M"]
[Site "?"]
[Date "2023.03.19"]
[Round "10.3"]
[White "Baidetskyi, Valentin"]
[Black "Schneider, Jana"]
[Result "1-0"]
[WhiteElo "2486"]
[BlackElo "2274"]
[PlyCount "47"]
[EventDate "2023.??.??"]

1. e4 e5 2. Nf3 Nc6 3. Bc4 Bc5 4. d3 h6 5. c3 Nf6 6. b4 Bb6 7. a4 a6 8. O-O O-O 9. Re1 d5 10. exd5 Nxd5 11. Nxe5 Qf6 12. d4 Nxc3 13. Nxc3 Bxd4 14. Nxc6 Bxc3 15. Ne7+ Kh8 16. Nd5 Qd4 17. Qxd4 Bxd4 18. Ra3 Be6 19. Be3 Rfe8 20. Bxd4 Bxd5 21. Rxe8+ Rxe8 22. Bf1 Re1 23. Ra1 Re4 24. Bc3 1-0

[Event "2BLO 2223 SC Bavaria Regensburg 1881 - M"]
[Site "?"]
[Date "2023.03.19"]
[Round "10.4"]
[White "Pezelj, Novak"]
[Black "Kindermann, Stefan"]
[Result "1/2-1/2"]
[WhiteElo "2488"]
[BlackElo "2460"]
[PlyCount "20"]
[EventDate "2023.??.??"]

1. d4 d5 2. c4 e6 3. e3 Nf6 4. Nc3 b6 5. Nf3 Bb7 6. Bd3 Bd6 7. O-O O-O 8. b3 Nbd7 9. Bb2 a6 10. Qe2 Ne4 1/2-1/2

[Event "2BLO 2223 SC Bavaria Regensburg 1881 - M"]
[Site "?"]
[Date "2023.03.19"]
[Round "10.5"]
[White "Hertneck, Gerald"]
[Black "Kilgus, Georg"]
[Result "0-1"]
[WhiteElo "2469"]
[BlackElo "2413"]
[PlyCount "48"]
[EventDate "2023.??.??"]

1. d4 Nf6 2. c4 e6 3. Nf3 Bb4+ 4. Bd2 Qe7 5. g3 Bxd2+ 6. Qxd2 Nc6 7. Nc3 d5 8. b3 O-O 9. Bg2 dxc4 10. bxc4 Rd8 11. O-O Nxd4 12. Nxd4 c5 13. e3 Rb8 14. Rfd1 cxd4 15. exd4 b6 16. d5 Ba6 17. d6 Qd7 18. Qf4 Rbc8 19. Rd4 Rc5 20. Re1 e5 21. Rxe5 Rxe5 22. Qxe5 Re8 23. f4 Rxe5 24. fxe5 Qe6 0-1

[Event "2BLO 2223 SC Bavaria Regensburg 1881 - M"]
[Site "?"]
[Date "2023.03.19"]
[Round "10.6"]
[White "Goldbeck, Lars"]
[Black "Zysk, Robert"]
[Result "0-1"]
[WhiteElo "2255"]
[BlackElo "2404"]
[PlyCount "120"]
[EventDate "2023.??.??"]

1. Nf3 Nf6 2. c4 b6 3. d4 e6 4. e3 Bb7 5. Bd3 Bb4+ 6. Nbd2 O-O 7. O-O d5 8. a3 Be7 9. b4 Nbd7 10. Bb2 c5 11. Qb3 Rb8 12. Rfd1 dxc4 13. Bxc4 b5 14. Be2 c4 15. Qc2 Nb6 16. Rac1 Rc8 17. Ne5 Na4 18. Bf3 Bxf3 19. Ndxf3 Qd5 20. Bc3 Nxc3 21. Qxc3 Ne4 22. Qc2 f6 23. Nd7 Qxd7 24. Qxe4 Rfd8 25. Ne1 Qd5 26. Qg4 f5 27. Qe2 a5 28. Nc2 axb4 29. axb4 Ra8 30. Ra1 Rxa1 31. Rxa1 Ra8 32. Qd1 Rxa1 33. Qxa1 Qe4 34. Qc1 Qd3 35. g3 Qc3 36. Qd1 Bxb4 37. d5 Qd3 38. Qc1 Bd2 39. Qa1 Qxd5 40. Nd4 c3 41. Qa7 h6 42. Qe7 c2 43. Nxc2 Bc3 44. Nd4 Bxd4 45. exd4 Kh7 46. h4 Qxd4 47. Qxe6 Qe4 48. Qb6 b4 49. h5 f4 50. gxf4 Qxf4 51. Qg6+ Kg8 52. Qe8+ Qf8 53. Qb5 Kh8 54. Kf1 Qe7 55. Qb8+ Kh7 56. Qb5 Qe4 57. Kg1 Qb1+ 58. Kh2 b3 59. f4 Qc2+ 60. Kg3 b2 0-1